<?xml version="1.0" encoding="UTF-8"?>
<record
    xmlns:xsi="http://www.w3.org/2001/XMLSchema-instance"
    xsi:schemaLocation="http://www.loc.gov/MARC21/slim http://www.loc.gov/standards/marcxml/schema/MARC21slim.xsd"
    xmlns="http://www.loc.gov/MARC21/slim">

  <leader>02037nam a2200289Ia 4500</leader>
  <controlfield tag="005">20220316235339.0</controlfield>
  <controlfield tag="008">121119s2001    ck a   gr     000 j spa  </controlfield>
  <datafield tag="020" ind1=" " ind2=" ">
    <subfield code="a">9583003336</subfield>
  </datafield>
  <datafield tag="041" ind1="1" ind2=" ">
    <subfield code="a">spa</subfield>
  </datafield>
  <datafield tag="100" ind1="1" ind2=" ">
    <subfield code="a">Tolstoi, Le&#xF3;n,</subfield>
    <subfield code="d">1828-1910 </subfield>
  </datafield>
  <datafield tag="245" ind1="1" ind2="3">
    <subfield code="a">El le&#xF3;n y el perrito y otros cuentos</subfield>
    <subfield code="c">Le&#xF3;n Tolstoi ; traducido por Francisco Monta&#xF1;a I. ; ilustrado por Alekos</subfield>
  </datafield>
  <datafield tag="250" ind1=" " ind2=" ">
    <subfield code="a">Segunda edici&#xF3;n</subfield>
  </datafield>
  <datafield tag="264" ind1=" " ind2="1">
    <subfield code="a">Bogot&#xE1;</subfield>
    <subfield code="b">Panamericana</subfield>
    <subfield code="c">2001</subfield>
  </datafield>
  <datafield tag="300" ind1=" " ind2=" ">
    <subfield code="a">180 p&#xE1;ginas</subfield>
    <subfield code="b">ilustraciones</subfield>
  </datafield>
  <datafield tag="336" ind1=" " ind2=" ">
    <subfield code="a">texto</subfield>
    <subfield code="b">txt</subfield>
    <subfield code="2">rdacontent</subfield>
  </datafield>
  <datafield tag="337" ind1=" " ind2=" ">
    <subfield code="a">sin mediaci&#xF3;n</subfield>
    <subfield code="b">n</subfield>
    <subfield code="2">rdamedia</subfield>
  </datafield>
  <datafield tag="338" ind1=" " ind2=" ">
    <subfield code="a">volumen</subfield>
    <subfield code="b">nc</subfield>
    <subfield code="2">rdacarrier</subfield>
  </datafield>
  <datafield tag="490" ind1="0" ind2=" ">
    <subfield code="a">Caj&#xF3;n de cuentos</subfield>
  </datafield>
  <datafield tag="520" ind1="3" ind2=" ">
    <subfield code="a">En un jard&#xED;n zool&#xF3;gico de Londres, se mostraban las fieras al p&#xFA;blico a cambio de dinero o de perros y gatos que serv&#xED;an para alimentarlas. Una persona que deseaba verlas, y no pose&#xED;a dinero para pagar la entrada, cogi&#xF3; al primer perro callejero que encontr&#xF3; y lo llev&#xF3; a la Casa de Fieras. Le dejaron pasar e inmediatamente echaron al perro a la jaula del le&#xF3;n para que &#xE9;ste se lo comiera. El perro asustado se qued&#xF3; en un rinc&#xF3;n de la jaula, observando al le&#xF3;n, que se acerc&#xF3; para olfatearlo. El perro se puso patas arriba y empez&#xF3; a menear la cola. El le&#xF3;n le toc&#xF3; ligeramente con la pata y el perro se levant&#xF3;, sent&#xE1;ndose sobre sus patas traseras. El le&#xF3;n iba examin&#xE1;ndolo por todas partes, moviendo su enorme cabeza pero sin hacerle el menor da&#xF1;o. Al ver que el le&#xF3;n no com&#xED;a al perro, el guardi&#xE1;n de la jaula le ech&#xF3; un pedazo de carne. El le&#xF3;n cogi&#xF3; un trozo y se lo dio al perro. Al llegar la noche, el le&#xF3;n se ech&#xF3; en el suelo para dormir y el perro se acomod&#xF3; a su lado, colocando la cabeza sobre la pata de la fiera... </subfield>
  </datafield>
  <datafield tag="650" ind1="1" ind2="4">
    <subfield code="2">LEMB</subfield>
    <subfield code="a">Literatura infantil rusa</subfield>
    <subfield code="y">Siglo XIX</subfield>
  </datafield>
  <datafield tag="650" ind1="1" ind2="4">
    <subfield code="2">LEMB</subfield>
    <subfield code="a">Cuentos infantiles rusos</subfield>
    <subfield code="y">Siglo XIX</subfield>
  </datafield>
  <datafield tag="700" ind1="1" ind2=" ">
    <subfield code="a">Monta&#xF1;a Ib&#xE1;&#xF1;ez, Francisco</subfield>
    <subfield code="d">1966-</subfield>
    <subfield code="e">traductor</subfield>
    <subfield code="9">92661</subfield>
  </datafield>
  <datafield tag="700" ind1="0" ind2=" ">
    <subfield code="a">Alekos</subfield>
    <subfield code="e">ilustrador</subfield>
    <subfield code="9">117902</subfield>
  </datafield>
  <datafield tag="942" ind1=" " ind2=" ">
    <subfield code="2">loc</subfield>
    <subfield code="c">BKLIT</subfield>
  </datafield>
  <datafield tag="040" ind1=" " ind2=" ">
    <subfield code="a">CO-BoRNBP</subfield>
    <subfield code="b">spa</subfield>
    <subfield code="e">rda</subfield>
    <subfield code="c">CO-BoRNBP</subfield>
  </datafield>
  <datafield tag="084" ind1=" " ind2=" ">
    <subfield code="a">C TOL1 </subfield>
  </datafield>
  <datafield tag="999" ind1=" " ind2=" ">
    <subfield code="c">679</subfield>
    <subfield code="d">679</subfield>
  </datafield>
</record>
